[Event "Burjassot U2200 op 4th"]
[Site "Burjassot"]
[Date "2016.10.07"]
[Round "5.31"]
[White "Mora Catano, Miquel"]
[Black "Rodriguez Espi, Juan Miguel"]
[Result "0-1"]
[WhiteElo "1227"]
[BlackElo "1601"]
[PlyCount "38"]
[EventDate "2016.09.09"]
[EventType "swiss"]
[EventRounds "7"]
[EventCountry "ESP"]
[SourceTitle "EXT 2024"]
[Source "ChessBase"]
[SourceDate "2023.10.10"]
[SourceVersion "1"]
[SourceVersionDate "2023.10.10"]
[SourceQuality "1"]

1. e4 e5 2. Nf3 Nc6 3. Bc4 Bc5 4. 0-0 Nf6 5. d3 0-0 6. Bb5 Nd4 7. Nxd4 Bxd4 8. Be3 Bxb2 9. Nd2 Bxa1 10. Qxa1 d6 11. Bc4 Ng4 12. Nf3 Nxe3 13. fxe3 Be6 14. Bxe6 fxe6 15. d4 exd4 16. Qxd4 e5 17. Qd5+ Kh8 18. Qxb7 Qb8 19. Qxb8 Raxb8 0-1

[Event "Valencia Burjassot U2200 op 2nd"]
[Site "Valencia"]
[Date "2014.09.19"]
[Round "2"]
[White "Rodriguez Espi, Juan Miguel"]
[Black "Albuixec Sanz, Jorge"]
[Result "0-1"]
[WhiteElo "1597"]
[BlackElo "1858"]
[PlyCount "34"]
[EventDate "2014.09.12"]
[EventType "swiss"]
[EventRounds "7"]
[EventCountry "ESP"]
[SourceTitle "EXT 2024"]
[Source "ChessBase"]
[SourceDate "2023.10.10"]
[SourceVersion "1"]
[SourceVersionDate "2023.10.10"]
[SourceQuality "1"]

1. e4 e5 2. Nf3 Nc6 3. Bc4 Bc5 4. Nc3 Nf6 5. 0-0 0-0 6. a3 d6 7. h3 Be6 8. Bxe6 fxe6 9. d3 Qe8 10. Na4 Bb6 11. Nxb6 axb6 12. Re1 Nh5 13. g3 Qf7 14. Re3 Nd4 15. Nxd4 Qxf2+ 16. Kh1 exd4 17. Qxh5 Qf1+ 0-1